[Event "New York State-ch 121st"]
[Site "New York"]
[Date "1999.09.04"]
[Round "2"]
[White "Nakamura, Hikaru"]
[Black "Lawson, Brian"]
[Result "1/2-1/2"]
[WhiteElo "2204"]
[BlackElo "2073"]

1.e4 c5 2.Nf3 Nc6 3.d4 cxd4 4.Nxd4 Nf6 5.Nc3 d6 6.Bg5 e6 7.Qd2 a6 8.O-O-O Bd7
9.f4 Be7 10.Nf3 b5 11.e5 b4 12.exf6 bxc3 13.Qxc3 gxf6 14.Rxd6 Bxd6 15.Bxf6 Bb4
16.Bxh8 Bxc3 17.Bxc3 Qb6 18.a3 Rc8 19.Kb1 Na5 20.Bd4 Qb7 21.Bd3 Nc4 22.Ka2 Qd5
23.b3 Bb5 24.a4 Bxa4 25.Bxc4 Rxc4 26.bxc4 Qxc4+ 27.Kb2 Bxc2 28.Re1 Qb3+ 29.Kc1 Bf5
30.Re2 Qb1+ 31.Kd2 Qd3+ 32.Ke1 Bg4 33.Rd2 Qe4+ 34.Kf2 Bxf3 35.Bf6 Qd5 36.Rxd5 Bxd5
37.g3  1/2-1/2

[Event "New York State-ch 121st"]
[Site "New York"]
[Date "1999.09.06"]
[Round "6"]
[White "Spraggett, Grant"]
[Black "Nakamura, Hikaru"]
[Result "1-0"]
[WhiteElo "2334"]
[BlackElo "2204"]

1.c4 e5 2.g3 f5 3.Bg2 Nc6 4.Nc3 Nf6 5.a3 g6 6.e3 Bg7 7.Nge2 O-O 8.O-O d6
9.d3 a5 10.Rb1 Be6 11.Nd5 Qd7 12.b4 axb4 13.axb4 e4 14.Nef4 Rac8 15.Bb2 Ne5
16.Nxf6+ Bxf6 17.Nxe6 Qxe6 18.dxe4 c6 19.exf5 gxf5 20.c5 d5 21.Bd4 Kh8 22.b5 Nd7
23.bxc6 bxc6 24.Re1 Rb8 25.Rxb8 Rxb8 26.Bh3 Rf8 27.Qh5 Be5 28.Ra1 h6 29.Ra7 Bxd4
30.exd4 Qe1+ 31.Bf1 Qe6 32.Qe2 Qf7 33.Bh3 Qg7 34.Rc7 Qf7 35.Rxc6 Qg7 36.Rc7 Rf7
37.Rxd7  1-0

[Event "Manhattan CC-ch"]
[Site "New York"]
[Date "1999.09.25"]
[Round "2"]
[White "Nakamura, Hikaru"]
[Black "Waxman, Marian"]
[Result "1-0"]
[WhiteElo "2204"]
[BlackElo "2080"]

1.e4 e5 2.Nf3 Nc6 3.d4 exd4 4.Nxd4 Bc5 5.Be3 Qf6 6.c3 Nge7 7.Bc4 O-O 8.O-O Ne5
9.Be2 d6 10.f4 N5g6 11.b4 Bb6 12.Na3 Nc6 13.Nc4 Bxd4 14.cxd4 Qe7 15.b5 Nd8
16.f5 Nh8 17.Bd3 f6 18.Rf3 g6 19.Bh6 Re8 20.Ne3 c6 21.bxc6 bxc6 22.fxg6 hxg6
23.Rc1 Kh7 24.Bf4 Nhf7 25.Rg3 Rh8 26.Qh5+ Kg8 27.Qxg6+ Kf8 28.d5 c5 29.Qg7+ Ke8
30.Bb5+ Bd7 31.Nf5  1-0

[Event "Manhattan CC-ch"]
[Site "New York"]
[Date "1999.09.25"]
[Round "3"]
[White "Schneider, Dmitry"]
[Black "Nakamura, Hikaru"]
[Result "0-1"]
[WhiteElo "2358"]
[BlackElo "2204"]

1.e4 c5 2.Nf3 d6 3.d4 cxd4 4.Nxd4 Nf6 5.Nc3 a6 6.h3 e6 7.g4 d5 8.Bg2 Bb4
9.exd5 Nxd5 10.Qd3 Qc7 11.Ne2 Nxc3 12.bxc3 Bd6 13.O-O O-O 14.Rd1 Be7 15.Qe4 Nc6
16.Be3 e5 17.Rab1 Be6 18.Bb6 Qc8 19.Qa4 h5 20.gxh5 Bxh3 21.Rd3 Bf5 22.Rg3 Kh8
23.Be4 Bxe4 24.Qxe4 f5 25.Qg2 Bf6 26.Rg6 Ne7 27.Ba5 Qc4 28.Ng3 Nxg6 29.hxg6 Qg4
30.Nxf5 Qxg2+ 31.Kxg2 Bd8 32.Bxd8 Rxf5 33.Be7 b5 34.Rd1 Re8 35.Rd7 e4 36.Bh4 Rfe5
37.Kg3 R5e6 38.Kf4 Rxg6 39.Ke3 Rc6 40.Kd2 Rec8 41.Ra7 Rxc3 42.Rxa6 Rxc2+
43.Ke3 R2c3+ 44.Ke2 b4 45.Be7 Rc2+ 46.Kf1 Rb2 47.Bg5 Rcc2 48.Be3 Rxa2 49.Rb6 Rc4
50.Kg2 Rc3 51.Bd4 Rd3 52.Rd6 Rad2 53.Rh6+ Kg8  0-1

[Event "Manhattan CC-ch"]
[Site "New York"]
[Date "1999.09.26"]
[Round "5"]
[White "Privman, Boris"]
[Black "Nakamura, Hikaru"]
[Result "1/2-1/2"]
[WhiteElo "2192"]
[BlackElo "2204"]

1.d4 Nf6 2.c4 g6 3.Nf3 Bg7 4.g3 O-O 5.Bg2 d6 6.O-O Nc6 7.b3 e5 8.Bb2 e4 9.Ne1 Bf5
10.Nc2 Bh6 11.d5 Ne5 12.Nc3 Qd7 13.Qd4 Bg7 14.Qd2 Rae8 15.Ne3 Bh3 16.f4 exf3
17.exf3 Bh6 18.f4 Bxg2 19.Kxg2 Neg4 20.Nxg4 Nxg4 21.Rfe1 a6 22.Ne4 f5 23.Qd4 Bg7
24.Qxg7+ Qxg7 25.Bxg7 Kxg7 26.h3 Rf7 27.Nxd6 Rxe1 28.Rxe1 cxd6 29.hxg4 fxg4
30.Re6 Rf6 31.Re3 h5 32.b4 h4 33.gxh4 Rxf4 34.c5 Rd4 35.Re7+ Kf6 36.cxd6 Rxd5
37.Rxb7 Rxd6 38.Kg3 Rd4 39.a4 a5 40.Rb6+ Kg7 41.bxa5 Rxa4 42.a6 Kh6 43.Rb8 Rxa6
44.Kxg4 Ra4+ 45.Kg3 g5 46.hxg5+ Kxg5  1/2-1/2

[Event "Wch U12"]
[Site "Oropesa del Mar"]
[Date "1999.10.27"]
[Round "4"]
[White "Nakamura, Hikaru"]
[Black "Tomashevski, Evgeni"]
[Result "1/2-1/2"]
[WhiteElo "2204"]
[BlackElo "2292"]

1.d4 Nf6 2.Bg5 d5 3.Bxf6 gxf6 4.e3 c6 5.c4 e6 6.Nc3 f5 7.Bd3 Bd6 8.Rc1 a6
9.cxd5 cxd5 10.g4 f4 11.e4 dxe4 12.Nxe4 Nc6 13.Nf3 Be7 14.O-O Rg8 15.Kh1 Bd7
16.Qd2 Qb8 17.a3 Rxg4 18.h3 Rg6 19.Nc5 Bxc5 20.Bxg6 Bd6 21.Bh5 Ne7 22.Ng5 Ng6
23.d5 e5 24.Rfe1 Kf8 25.Qd3 Kg7 26.Rg1 Qe8 27.Rg2 Kh6 28.Bg4 Bxg4 29.hxg4 Kg7
30.Ne4 Qe7 31.Rh2 h6 32.Qh3 Rh8 33.Qh5 Qd8 34.f3 Qd7 35.Qf5 Qe7 36.Rc3 Qd8
37.g5 hxg5 38.Nxg5 Rxh2+ 39.Kxh2 Qe7 40.Rc2 Qf6 41.Qg4 Be7 42.Ne4 Qb6 43.Rg2 Qd8
44.d6 Bxd6 45.Rd2 Qh8+ 46.Kg1 Be7 47.Qd7 Qh4 48.Rf2 Qh5 49.Nd6 Bxd6 50.Qxd6 Qh4
51.Qd5 Qg3+ 52.Kf1 Qh3+ 53.Rg2 Qh1+ 54.Kf2 Qh4+ 55.Ke2 Qe7 56.a4 b6 57.b3 a5
58.Kd3 Qf6 59.Qd7 Kf8 60.Ke4 Kg7 61.Rg1 Qh4 62.Qd6 Qh5 63.Qc7 Qh2 64.Qxe5+ Kh7
65.Qd4 Qe2+ 66.Kf5 Qe6+ 67.Kg5 Qe7+ 68.Kf5 Qe6+ 69.Kg5 Qe7+ 70.Kg4  1/2-1/2

[Event "Wch U12"]
[Site "Oropesa del Mar"]
[Date "1999.10.28"]
[Round "5"]
[White "Stellwagen, Daniel R"]
[Black "Nakamura, Hikaru"]
[Result "1/2-1/2"]
[WhiteElo "2254"]
[BlackElo "2204"]

1.e4 c5 2.Nf3 d6 3.d4 cxd4 4.Nxd4 Nf6 5.Nc3 a6 6.f4 e5 7.Nf3 Nbd7 8.a4 Be7
9.Bd3 O-O 10.O-O exf4 11.Kh1 Nh5 12.Ne1 Ne5 13.Be2 Nf6 14.Bxf4 Be6 15.Nf3 Ng6
16.Be3 Ng4 17.Bg1 Bf6 18.Nd4 Bxd4 19.Qxd4 Qe7 20.Bxg4 Bxg4 21.Nd5 Qe5 22.Qd2 Rac8
23.c3 Qxe4 24.Rae1 Qxa4 25.Nb6 Qc6 26.Nxc8 Rxc8 27.Bd4 Be6 28.Qg5 h6 29.Qg3 Kh7
30.Rf2 Qd5 31.Kg1 b5 32.Rd2 Rc6 33.Red1 Qe4 34.Re1 Qf5 35.Rf2 Qh5 36.Rd2 a5
37.Ra1 a4 38.Re1 Ra6 39.Ra1 f6 40.Re1 Bc4 41.Qe3 Ra8 42.Bb6 d5  1/2-1/2

[Event "Wch U12"]
[Site "Oropesa del Mar"]
[Date "1999.10.31"]
[Round "7"]
[White "Khusnutdinov, Ruslan"]
[Black "Nakamura, Hikaru"]
[Result "1-0"]
[WhiteElo "2397"]
[BlackElo "2204"]

1.c4 e5 2.Nc3 Nc6 3.g3 g6 4.Bg2 Bg7 5.d3 d6 6.e3 Nge7 7.Nge2 O-O 8.O-O Be6
9.Nd5 Qd7 10.Re1 f5 11.f4 Rae8 12.Rb1 Nc8 13.Bd2 Nd8 14.Bc3 c6 15.Nb4 h6
16.b3 g5 17.d4 Qc7 18.Qd2 gxf4 19.gxf4 Bf6 20.Kh1 Kh8 21.dxe5 dxe5 22.Qb2 Kh7
23.fxe5 Bh4 24.Rf1 Bg5 25.Nf4 Qb6 26.Rbe1 Bxf4 27.exf4 Bf7 28.Nc2 Ne6 29.Nd4 Ne7
30.Nxe6 Bxe6 31.Rd1 Ng6 32.Qf2 Qxf2 33.Rxf2 Nh4 34.Bh3 Rg8 35.Rd6 Rg6 36.Rf1 Bc8
37.Rd3 Rgg8 38.Rfd1 Ng6 39.Bd2 Be6 40.Be3 a6 41.Rd6 Rgf8 42.Kg2 Rf7 43.Kf2 Nf8
44.Rd8 Rxd8 45.Rxd8 Kg7 46.Bd4 Rd7 47.Rxd7+ Nxd7 48.Bg2 Kf7 49.Ke3 Ke7 50.Kd3 Kd8
51.Bf2 Ke8 52.a4 Kd8 53.Bf3 Bf7 54.b4 Kc7 55.b5 axb5 56.axb5 cxb5 57.cxb5 b6
58.Be3 Nf8 59.Kc3 Be8 60.Kc4 Ne6 61.Bd5 Bd7 62.Bd2 Nd8 63.Bg8 Ne6 64.Kd5 Ng7
65.e6 Bxb5 66.Bc3 Ne8 67.Ke5 Bd3 68.Bb4 Kd8 69.Bf7 Nc7 70.Bg6 b5 71.Bxf5 Bxf5
72.Kxf5 Nd5 73.Bd6 b4 74.Ke5 b3 75.Ba3 Ne3 76.Kf6 Ke8 77.f5 Nc4 78.Bc1 Kf8  1-0

[Event "Wch U12"]
[Site "Oropesa del Mar"]
[Date "1999.11.01"]
[Round "8"]
[White "Rangarajan, S."]
[Black "Nakamura, Hikaru"]
[Result "0-1"]
[WhiteElo "2086"]
[BlackElo "2204"]

1.e4 c5 2.c3 e6 3.d4 d5 4.exd5 Qxd5 5.Nf3 Nc6 6.Na3 Nf6 7.Be2 cxd4 8.Nb5 Qd7
9.Nbxd4 Bc5 10.O-O Bxd4 11.Nxd4 Nxd4 12.cxd4 O-O 13.Be3 b6 14.Qd3 Bb7 15.Rfd1 h6
16.Rac1 Rac8 17.Bf4 Nd5 18.Be5 f6 19.Bg3 Nb4 20.Qb3 Qd5 21.Qxd5 Bxd5 22.a3 Rxc1
23.Rxc1 Nc6 24.Ba6 Nxd4 25.Rc7 Rf7 26.Rc8+ Rf8 27.Rc7 Rf7 28.Rc8+ Kh7 29.f3 Bb7
30.Bd3+ g6 31.Rd8 e5 32.Bf2 Ne6 33.Rd6 Nf4 34.Bf1 Nh5 35.a4 Rc7 36.b4 Bc6
37.a5 bxa5 38.bxa5 Kg7 39.a6 Bd7 40.Rd1 Nf4 41.Rb1 Bc8 42.Rb8 Bxa6 43.Bxa6 Rc1+
44.Be1 Rxe1+ 45.Kf2 Ra1 46.Rb7+ Kf8 47.Rxa7 Ra2+ 48.Kf1 Nxg2 49.Ra8+ Ke7
50.Ra7+ Kd6 51.Rf7 Ne3+ 52.Kg1 Ke6 53.Ra7 Rg2+ 54.Kh1 Rc2 55.Kg1 h5 56.Bd3 Rg2+
57.Kh1 Rd2 58.Ra6+ Ke7 59.Ra7+ Kd6 60.Ra6+ Kc5  0-1

[Event "Wch U12"]
[Site "Oropesa del Mar"]
[Date "1999.11.04"]
[Round "10"]
[White "Wang Yue"]
[Black "Nakamura, Hikaru"]
[Result "1-0"]
[WhiteElo "2344"]
[BlackElo "2204"]

1.Nf3 Nf6 2.b3 g6 3.Bb2 Bg7 4.g3 O-O 5.Bg2 d6 6.d4 c6 7.O-O Nbd7 8.Nbd2 Qc7
9.e4 e5 10.dxe5 dxe5 11.Qe2 Re8 12.a4 a5 13.Rfd1 b6 14.Qe3 Ba6 15.Bf1 Ng4
16.Qe1 Bf8 17.h3 Ngf6 18.Bxa6 Rxa6 19.Nc4 b5 20.Ncd2 Nc5 21.Qe2 Qb8 22.Bc3 Bd6
23.axb5 Qxb5 24.Qxb5 cxb5 25.Rxa5 Rxa5 26.Bxa5 Ncxe4 27.Nxe4 Nxe4 28.Nd2 Nf6
29.c4 Rb8 30.Rc1 bxc4 31.bxc4 Kf8 32.c5 Rb5 33.cxd6 Rxa5 34.Rc8+ Kg7 35.Nc4 Rd5
36.Kg2 Ne4 37.Rc6 Rd4 38.f3 Rxc4 39.Rxc4 Nxd6 40.Ra4 Nf5 41.Kf2 Ne7 42.Ra5 Kf6
43.Ra6+ Kg7 44.Ra7 Kf6 45.Ra6+ Kg7 46.Ra1 Kf6 47.Ke2 Nf5 48.Rg1 Nd4+ 49.Ke3 Nf5+
50.Kd3 Nd6 51.Ra1 Ke6 52.g4 h5 53.gxh5 gxh5 54.Ra6 Ke7 55.Ke3 f5 56.f4 Ke6
57.fxe5 Kxe5 58.Ra5+ Ke6 59.Kf4 Kf6 60.Ra6 Ke6 61.Kg5 Ke5 62.Kxh5 Ne4 63.h4 f4
64.Kg4 Nf6+ 65.Kf3 Kf5 66.Ra5+ Kg6 67.Kxf4 Nh5+ 68.Kg4 Nf6+ 69.Kf3 Nh5 70.Rg5+ Kh6
71.Kg4 Nf6+ 72.Kf5 Ne8 73.Rg8 Ng7+ 74.Kg4 Ne6 75.Ra8 Kg7 76.Ra7+ Kg8 77.Kf5 Nf8
78.Kf6 Nh7+ 79.Kg6 Nf8+ 80.Kh6 Ne6 81.Ra1 Nf8 82.Rg1+ Kh8 83.Kg5 Kg7 84.Rg2 Kh7
85.Kf6 Nd7+ 86.Kg5 Kg7 87.Re2 Kf7 88.Kh6 Nf8 89.Rc2 Kg8 90.Rc7 Kh8 91.h5 Kg8
92.Kg5 Nh7+ 93.Kf5 Nf8 94.h6 Nh7 95.Rc8+ Kf7 96.Rb8 Nf8 97.Rb7+ Kg8 98.Kf6 Nh7+
99.Ke7 Ng5 100.Ke8 Kh8 101.Rg7 Ne4 102.Kf7 Nd6+ 103.Kg6 Nf5 104.Rf7 Nh4+
105.Kg5 Ng2 106.h7 Nh4 107.Ra7 Ng6 108.Kh6 Nf8 109.Rb7 Nd7 110.Ra7 Nf8 111.Rg7 Nxh7
112.Rxh7+  1-0

[Event "Eastern Open"]
[Site "Washington DC USA"]
[Date "1999.12.27"]
[Round "3"]
[White "Nakamura,H"]
[Black "Adu,O"]
[Result "1-0"]
[WhiteElo "2204"]
[BlackElo "2254"]

1.e4 c5 2.Nf3 d6 3.d4 cxd4 4.Nxd4 e6 5.Nc3 a6 6.f4 Nc6 7.Be3 Nf6 8.Qf3 Qc7
9.O-O-O Bd7 10.g4 Nxd4 11.Bxd4 Bc6 12.Bxf6 gxf6 13.f5 Be7 14.Bc4 b5 15.Bb3 b4
16.Ne2 e5 17.Ng3 a5 18.Kb1 a4 19.Bc4 Rc8 20.b3 Qb7 21.Qe2 Rb8 22.Rhe1 Rg8
23.h3 Qd7 24.Qd2 Rg5 25.Nh5 Qb7 26.Nxf6+ Bxf6 27.Qxd6 Be7 28.Qxe5 f6 29.Qe6 Rg7
30.e5 Bd7 31.Qxf6 Bxf6 32.exf6+ Kf8 33.fxg7+ Kxg7 34.Re7+ Kf6 35.Rexd7 Qe4
36.g5+ Kxg5 37.Rg1+  1-0

[Event "Eastern Open"]
[Site "Washington DC USA"]
[Date "1999.12.29"]
[Round "7"]
[White "Nakamura,H"]
[Black "Kaufman,La"]
[Result "1/2-1/2"]
[WhiteElo "2204"]
[BlackElo "2427"]

1.e4 e6 2.d4 d5 3.Nc3 Nf6 4.Bg5 Bb4 5.e5 h6 6.Bd2 Bxc3 7.bxc3 Ne4 8.Qg4 g6
9.Bd3 Nxd2 10.Kxd2 c5 11.Nf3 Nc6 12.h4 cxd4 13.cxd4 Bd7 14.Rhb1 Qc7 15.c3 O-O-O
16.Qf4 f5 17.g4 fxg4 18.Qxg4 Rdg8 19.c4 dxc4 20.Bxc4 Kb8 21.Bxe6 h5 22.Qh3 Bxe6
23.Qxe6 Rf8 24.Qd5 Rf4 25.Rb3 Rd8 26.Qc5 Nxd4 27.Qxc7+ Kxc7 28.Rc1+ Kb8 29.Nxd4 Rfxd4+
30.Ke3 Rxh4 31.Rg1 Re8 32.Rxg6 Rxe5+ 33.Kd2 Rd4+ 34.Kc3 Rd7 35.f4 Rc5+ 36.Kb4 b6
37.Rf3 Rd4+ 38.Kb3 Rf5 39.Rh6 Kb7 40.Rh7+ Ka6 41.Kc2 Ra4 42.a3 Kb5 43.Kb3 a5
44.Rh3 Rfxf4 45.R7xh5+ Ka6 46.Re5 Rad4 47.Re2 a4+ 48.Kb2 Rd5 49.Rc3 Rb5+
50.Ka2 Rf1 51.Rc4 Ka5 52.Rxa4+ Kxa4 53.Re4+ Ka5 54.Ra4+ Kxa4  1/2-1/2

[Event "Kasparov Cadet GP"]
[Site "Internet"]
[Date "2000.01.11"]
[Round "1.2"]
[White "Nakamura,H"]
[Black "Efimenko,Z"]
[Result "1/2-1/2"]
[WhiteElo "2204"]
[BlackElo "2332"]

1.e4 e6 2.d4 d5 3.Nc3 Bb4 4.e5 c5 5.Bd2 Ne7 6.Nb5 Bxd2+ 7.Qxd2 O-O 8.c3 Nbc6
9.f4 cxd4 10.cxd4 Nf5 11.Nf3 a6 12.Nc3 f6 13.Be2 fxe5 14.dxe5 Qb6 15.Bd3 Bd7
16.Bxf5 Rxf5 17.Ne2 Rff8 18.Ned4 Qb4 19.g3 Rac8 20.Qxb4 Nxb4 21.Kd2 Rc7 22.Rac1 Rfc8
23.Rxc7 Rxc7 24.a3 Nc6 25.Rc1 h6 26.b4 Kf8 27.a4  1/2-1/2

[Event "FSIMB June"]
[Site "Budapest HUN"]
[Date "2000.06.03"]
[Round "1"]
[White "Goldenberg,D"]
[Black "Nakamura,H"]
[Result "0-1"]
[WhiteElo "2244"]
[BlackElo "2261"]

1.e4 c5 2.Nf3 d6 3.d4 Nf6 4.Nc3 cxd4 5.Nxd4 a6 6.Bg5 e6 7.Qd2 Be7 8.O-O-O Qc7
9.f4 Nbd7 10.Bd3 b5 11.a3 Bb7 12.Kb1 O-O 13.Nf3 Nc5 14.Rde1 Rfd8 15.Qe3 d5
16.Bxf6 Bxf6 17.e5 Be7 18.Nd4 b4 19.axb4 Nxd3 20.cxd3 Bxb4 21.Rc1 Qb6 22.Rc2 Bc6
23.Rhc1 Rab8 24.Nd1 Ba4 25.Nc6 Qxe3 26.Nxe3 Bxc6 27.Rxc6 Bd2 28.Nc2 Bxc1
29.Kxc1 a5 30.Rc3 Rdc8 31.Kd2 Kf8 32.b3 Ke7 33.Nd4 Kd7 34.Nf3 a4 35.Rxc8 Kxc8
36.bxa4 Rb2+ 37.Ke3 Rxg2 38.Ng5 Rxh2 39.Nxf7 Kd7 40.Nd6 h5 41.a5 Ra2 42.Nb7 h4  0-1

[Event "FSIMB June"]
[Site "Budapest HUN"]
[Date "2000.06.07"]
[Round "5"]
[White "Bognar,C"]
[Black "Nakamura,H"]
[Result "1/2-1/2"]
[WhiteElo "2246"]
[BlackElo "2261"]

1.d4 Nf6 2.c4 g6 3.Nc3 Bg7 4.e4 d6 5.f3 O-O 6.Be3 Nc6 7.Qd2 a6 8.Nge2 Rb8
9.Nc1 e5 10.Nb3 exd4 11.Nxd4 Ne5 12.Be2 c5 13.Nc2 Be6 14.Na3 Qa5 15.Qxd6 Rbc8
16.Qd2 Rfd8 17.Nd5 Qxd2+ 18.Bxd2 Nc6 19.Bc3 Bxd5 20.cxd5 Nd4 21.Bxd4 cxd4
22.Bd3 Nd7 23.O-O Nc5 24.Rad1 b5 25.Rf2 f5 26.Nc2 fxe4 27.fxe4 Re8 28.Re2 Rcd8
29.Nb4 Rd6 30.b3 Bf6 31.Kf1 Be5 32.g3 Rf6+ 33.Kg2 Ref8 34.Nc6 Nd7 35.Bb1 Bd6
36.Nxd4 Ne5 37.Ne6 R8f7 38.Ng5 Rf8 39.Ne6 R8f7 40.Nf4 g5 41.Nd3 Nxd3 42.Bxd3 Be5
43.Rc2 Rf3 44.a4 Kg7 45.axb5 axb5 46.Rcd2 Bc3 47.Re2 Be5 48.Red2 Bc3 49.Rc2 Be5
50.b4 R3f6 51.Bxb5 Rb7 52.Bd3 Rxb4  1/2-1/2

[Event "FSIMB June"]
[Site "Budapest HUN"]
[Date "2000.06.09"]
[Round "7"]
[White "Dudas,Jano"]
[Black "Nakamura,H"]
[Result "0-1"]
[WhiteElo "2321"]
[BlackElo "2261"]

1.d4 Nf6 2.Nf3 g6 3.Nc3 d5 4.Bf4 Bg7 5.Qd2 Ne4 6.Nxe4 dxe4 7.Ne5 Nd7 8.O-O-O Nf6
9.Bh6 Bxh6 10.Qxh6 Qd5 11.c4 Qa5 12.a3 c6 13.f3 Be6 14.Qe3 exf3 15.gxf3 O-O-O
16.b4 Qc7 17.Qc3 Nd7 18.f4 Nb6 19.e3 f6 20.Nf3 Rhe8 21.h4 Bg4 22.Bh3 Bxh3
23.Rxh3 e5 24.fxe5 fxe5 25.d5 cxd5 26.c5 Nc4 27.e4 dxe4 28.Rxd8+ Rxd8 29.Qxc4 Qd7
30.Qf1 exf3 31.Rxf3 Qd4 32.Kc2 Qxh4 33.Rf8 Qe4+ 34.Kb3 Qd5+ 35.Ka4 Rxf8 36.Qxf8+ Qd8
37.Qf2 Qd7+ 38.Ka5 Kb8 39.b5 Qd8+ 40.b6 axb6+ 41.Kb5 Qd3+  0-1

[Event "FSIMB June"]
[Site "Budapest HUN"]
[Date "2000.06.10"]
[Round "8"]
[White "Kaposztas,M"]
[Black "Nakamura,H"]
[Result "1/2-1/2"]
[WhiteElo "2302"]
[BlackElo "2261"]

1.d4 Nf6 2.c4 g6 3.Nc3 Bg7 4.e4 d6 5.Nge2 O-O 6.Ng3 e5 7.d5 h5 8.Bg5 Qe8
9.Be2 Nh7 10.Be3 h4 11.Nf1 f5 12.exf5 gxf5 13.f4 a5 14.Nd2 Na6 15.Nf3 Qe7
16.O-O Bd7 17.Qd2 Rae8 18.Rae1 e4 19.Nd4 Qf7 20.Kh1 Kh8 21.Nd1 b6 22.Bf2 Qf6
23.Be3 Qf7 24.Nf2 Rb8 25.Rg1 Bf6 26.Qd1 Be7 27.g4  1/2-1/2

[Event "FSIMB June"]
[Site "Budapest HUN"]
[Date "2000.06.11"]
[Round "9"]
[White "Nakamura,H"]
[Black "Daamen,F"]
[Result "1-0"]
[WhiteElo "2261"]
[BlackElo "2155"]

1.e4 c5 2.Nf3 d6 3.d4 cxd4 4.Nxd4 Nf6 5.Nc3 a6 6.Be3 e5 7.Nb3 Be6 8.Qd2 Nbd7
9.f3 Be7 10.O-O-O b5 11.Kb1 O-O 12.g4 b4 13.Nd5 Bxd5 14.exd5 a5 15.g5 Nh5
16.Bh3 Nb6 17.Bxb6 Qxb6 18.Bf5 a4 19.Nc1 Rfb8 20.Be4 a3 21.b3 g6 22.h4 Bf8
23.Nd3 Qd4 24.Rc1 Nf4 25.c3 bxc3 26.Qxc3 Ne2 27.Qxd4 exd4 28.Rc2 Nc3+ 29.Kc1 Bg7
30.Kd2 Ra5 31.Nf2 Nxd5 32.Bxd5 Rxd5 33.Rhc1 h6 34.Rc8+ Rxc8 35.Rxc8+ Kh7
36.f4 hxg5 37.hxg5 Rf5 38.Nd3 f6 39.gxf6 Bxf6 40.Ke2 Rh5 41.Nb4 Rh3 42.Ra8 Bh4
43.Rxa3 Re3+ 44.Kd1 Rf3 45.Nd5 Bg3 46.Ra7+ Kh6 47.Re7 Rf1+ 48.Kd2 Rf2+ 49.Re2 Bxf4+
50.Kd3 Rf1 51.Kxd4 Be5+ 52.Ke4 g5 53.Ne3 Rf4+ 54.Kd5 g4 55.Rg2 Rd4+ 56.Kc6 Kg5
57.Rxg4+ Rxg4 58.Nxg4 Kxg4 59.a4 Kf3 60.a5 Ke4  1-0

[Event "FSIMB June"]
[Site "Budapest HUN"]
[Date "2000.06.12"]
[Round "10"]
[White "Yu Mingyuan"]
[Black "Nakamura,H"]
[Result "1/2-1/2"]
[WhiteElo "2419"]
[BlackElo "2261"]

1.d4 Nf6 2.c4 g6 3.Nc3 Bg7 4.e4 d6 5.Nf3 O-O 6.Be2 e5 7.Be3 Ng4 8.Bg5 f6
9.Bc1 Nc6 10.h3 Nh6 11.Be3 Nf7 12.d5 Ne7 13.Nd2 f5 14.f3 c5 15.g4 Bf6 16.Bf2 Bg5
17.Qc2 a6 18.h4 Bf4 19.gxf5 gxf5 20.Bd3 Nh6 21.Ne2 Bxd2+ 22.Qxd2 f4 23.Nc3 Kh8
24.h5 Neg8  1/2-1/2

[Event "FSIMB June"]
[Site "Budapest HUN"]
[Date "2000.06.13"]
[Round "11"]
[White "Nakamura,H"]
[Black "Eperjesi,L"]
[Result "1/2-1/2"]
[WhiteElo "2261"]
[BlackElo "2365"]

1.e4 c6 2.d4 d5 3.exd5 cxd5 4.Bd3 Nf6 5.c3 Nc6 6.Bf4 Bg4 7.Qb3 Qc8 8.Nd2 e6
9.Ngf3 Be7 10.O-O Bh5 11.Ne5  1/2-1/2

[Event "World Open"]
[Site "Philadelphia USA"]
[Date "2000.07.28"]
[Round "1"]
[White "Levin,E"]
[Black "Nakamura,H"]
[Result "0-1"]
[WhiteElo "2177"]
[BlackElo "2261"]

1.e4 c5 2.Nf3 d6 3.d4 cxd4 4.Nxd4 Nf6 5.Nc3 a6 6.Bg5 e6 7.Be2 Be7 8.Qd2 Nbd7
9.Be3 Qc7 10.g4 h6 11.f4 b5 12.a3 Bb7 13.Bf3 Nc5 14.Qg2 Nfd7 15.O-O Nb6 16.Qe2 g5
17.e5 d5 18.f5 Qxe5 19.fxe6 fxe6 20.Nb3 Nbd7 21.Na5 O-O-O 22.Nxb7 Nxb7 23.Qd2 Qxe3+
24.Qxe3 Bc5 25.Qxc5+ Ndxc5 26.b4 Nd7 27.a4 bxa4 28.Rxa4 Nb8 29.Be2 Rd6 30.Rfa1 Rc6
31.R1a3 d4 32.Ne4 Rxc2 33.Bxa6 Nxa6 34.Rxa6 Rd8 35.Rxe6 d3 36.Ra8+ Kd7 37.Rxd8+ Kxd8
38.Rxh6 d2 39.Nf2 Rc1+ 40.Kg2 d1=Q 41.Nxd1 Rxd1 42.Rh5 Rd2+ 43.Kg1 Nd6 44.Rxg5 Ke7
45.h4 Kf6 46.b5 Rb2 47.b6 Rxb6 48.Kg2 Rb3 49.Ra5 Ne4 50.Rf5+ Ke6 51.Rf3 Rb2+
52.Kh3 Re2 53.g5 Nd6 54.Kg4 Re4+ 55.Rf4 Re1 56.Rf3 Nf5 57.h5 Rg1+ 58.Kf4 Rh1
59.Rf2 Rh4+ 60.Kf3 Nd4+ 61.Ke3 Ke5 62.h6 Rh3+ 63.Kd2 Nf3+ 64.Kc2 Nxg5 65.Rf8 Ne6
66.Rh8 Kd4 67.h7 Rh2+ 68.Kb3 Nc5+ 69.Kb4 Nb7 70.Kb5 Nd6+ 71.Kc6 Nf7 72.Re8 Rxh7
73.Re1 Ne5+ 74.Kb6 Nc4+ 75.Kc6 Rh6+ 76.Kc7 Kc5 77.Kd7 Nb6+ 78.Ke7 Nd5+ 79.Kf7 Rf6+
80.Kg7 Rf2 81.Kg6 Kd6 82.Kg5 Rg2+ 83.Kf5 Rf2+ 84.Kg4 Nc7 85.Kg3 Rf7 86.Re4 Ne6
87.Rb4 Nc5 88.Rf4 Rb7 89.Rf5 Ne6 90.Rh5 Rb3+ 91.Kf2 Nc5 92.Ke2 Ne4 93.Ra5 Rh3
94.Ra8 Kd5 95.Re8 Nd6 96.Re3 Rh2+  0-1

[Event "World Open"]
[Site "Philadelphia USA"]
[Date "2000.07.28"]
[Round "1"]
[White "Levin,E"]
[Black "Nakamura,H"]
[Result "0-1"]
[WhiteElo "2177"]
[BlackElo "2261"]

1.e4 c5 2.Nf3 d6 3.d4 cxd4 4.Nxd4 Nf6 5.Nc3 a6 6.Bg5 e6 7.Be2 Be7 8.Qd2 Nbd7
9.Be3 Qc7 10.g4 h6 11.f4 b5 12.a3 Bb7 13.Bf3 Nc5 14.Qg2 Nfd7 15.O-O Nb6 16.Qe2 g5
17.e5 d5 18.f5 Qxe5 19.fxe6 fxe6 20.Nb3 Nbd7 21.Na5 O-O-O 22.Nxb7 Nxb7 23.Qd2 Qxe3+
24.Qxe3 Bc5 25.Qxc5+ Nbxc5 26.b4 Nb7 27.a4 bxa4 28.Rxa4  0-1

[Event "World Open"]
[Site "Philadelphia USA"]
[Date "2000.07.30"]
[Round "3"]
[White "Nakamura,H"]
[Black "Mulyar,M"]
[Result "1-0"]
[WhiteElo "2261"]
[BlackElo "2445"]

1.d4 Nf6 2.Bg5 Ne4 3.Bf4 c5 4.f3 Qa5+ 5.c3 Nf6 6.d5 Qb6 7.Bc1 e6 8.c4 d6
9.e4 g6 10.Nc3 Bg7 11.Nge2 O-O 12.Ng3 Nbd7 13.Be2 exd5 14.cxd5 h5 15.a4 a6
16.Nf1 Qc7 17.Ne3 Rb8 18.Nc4 Nb6 19.Na3 Qe7 20.O-O Nh7 21.a5 Nd7 22.Nc4 Ne5
23.Nb6 f5 24.f4 Ng4 25.e5 Qh4 26.Bxg4 hxg4 27.Nc4 dxe5 28.fxe5 g3 29.hxg3 Qxg3
30.Bf4 Qh4 31.Qe1 Qh5 32.Qe2 Qxe2 33.Nxe2 g5 34.Be3 Bd7 35.Bxc5 Rfe8 36.e6 Bb5
37.Rac1 f4 38.Rfe1 Bxc4 39.Rxc4 Rbd8 40.Rd1 Rxe6 41.Bb6 Rd7 42.Rc8+ Bf8 43.dxe6 Rxd1+
44.Kf2 Kg7 45.Rc7+ Kg6 46.e7 Bxe7 47.Rxe7 Nf6 48.Nc3 Rd2+ 49.Re2 Rd3 50.Kg1 Kf5
51.Rc2 Rg3 52.Ne2 Rg4 53.Nd4+ Ke4 54.Nf3 Rg3 55.Bd8 g4 56.Re2+  1-0

[Event "101st US Open"]
[Site "Saint Paul USA"]
[Date "2000.08.10"]
[Round "6"]
[White "Nakamura,H"]
[Black "Adler,V"]
[Result "0-1"]
[WhiteElo "2281"]
[BlackElo "2425"]

1.e4 e5 2.Nf3 Nc6 3.Bb5 a6 4.Ba4 d6 5.c4 Nf6 6.Nc3 Bg4 7.Qb3 Qc8 8.d4 Nd7
9.d5 Na5 10.Qb4 b6 11.Nd2 Be7 12.Qa3 O-O 13.b4 Nxc4 14.Nxc4 b5 15.Na5 bxa4
16.Nc6 Bh4 17.h3 Bh5 18.g3 Bd8 19.g4 Bg6 20.Qxa4 f6 21.Be3 Be8 22.Ke2 Rf7
23.Rhc1 g6 24.f3 Kh8 25.Qb3 Nb8 26.Na5 f5 27.Na4 Bb5+ 28.Kd2 Qd7 29.Nc3 Qe8
30.a4 Bd7 31.Ke2 Qe7 32.Nb7 Qh4 33.Nxd8 Qxd8 34.b5 Qh4 35.Bf2 Qf6 36.gxf5 gxf5
37.bxa6 Nxa6 38.Qb2 Rff8 39.Qb3 Rab8 40.Qa3 Rb4 41.Rf1 fxe4 42.Nxe4 Qf7 43.Bh4 Qxd5
44.Bf6+ Rxf6 45.Nxf6 Qc4+ 46.Kd2 Qd4+ 47.Ke1 Rxa4  0-1

[Event "Anibal Open"]
[Site "Anibal Open ESP"]
[Date "2001.01.08"]
[Round "1"]
[White "Kobalija,M"]
[Black "Nakamura,H"]
[Result "1/2-1/2"]
[WhiteElo "2594"]
[BlackElo "2281"]

1.e4 c5 2.Nf3 d6 3.Bc4 e6 4.O-O a6 5.Bb3 Nf6 6.Re1 b5 7.c3 c4 8.Bc2 Nbd7
9.a4 Rb8 10.Nd4 Ne5 11.axb5 axb5 12.Na3 Bd7 13.b3 Be7 14.Qe2 cxb3 15.Nxb3 O-O
16.d4 Ng6 17.Bd2 e5 18.Bd3 Qb6 19.Nc2 Rfe8 20.Nb4 Ra8 21.d5 Ra4 22.Nc6 Nf4
23.Bxf4 exf4 24.Nbd4 Bf8 25.Rab1 Nxd5 26.Rxb5 Qc7 27.exd5 Rxe2 28.Bxe2 g6
29.Reb1 Bc8 30.Rb8 Kg7 31.h3 h5 32.Bd3 Qd7 33.Re1 Kh7 34.Bb5 Ra3 35.Ne7 Qa7
36.Nec6 Qd7 37.Ne7 Qa7 38.Nec6 Qd7 39.Kh2 f3 40.Nxf3 Rxc3 41.Ng5+ Kg7 42.Ne6+ fxe6
43.dxe6 Qxe6 44.Rxe6 Bxe6 45.Nd4 Bf7 46.Be8 Bxe8 47.Rxe8 Kf7 48.Ra8 Rc4 49.Ra7+ Kf6
50.Nf3 Rc2 51.Kg3 Rc4 52.h4 Bh6 53.Kh3 Rc3 54.Kg3  1/2-1/2

[Event "Open"]
[Site "Ubeda ESP"]
[Date "2001.01.27"]
[Round "7"]
[White "Meijers,V"]
[Black "Nakamura,H"]
[Result "0-1"]
[WhiteElo "2483"]
[BlackElo "2364"]

1.e4 c5 2.Nf3 Nc6 3.d4 cxd4 4.Nxd4 Nf6 5.Nc3 e5 6.Ndb5 d6 7.Bg5 a6 8.Na3 b5
9.Nd5 Qa5+ 10.Bd2 Qd8 11.Bg5 Qa5+ 12.Bd2 Qd8 13.Nxf6+ Qxf6 14.Bd3 Qg6 15.Qf3 Nd4
16.Qg3 Bb7 17.Qxg6 hxg6 18.c4 f5 19.cxb5 fxe4 20.bxa6 Bc6 21.Bf1 d5 22.Rc1 Bxa3
23.bxa3 Kd7 24.Bb4 Rhc8 25.Kd2 Ba4 26.Rxc8 Rxc8 27.Bc3 Nf5 28.Bxe5 d4 29.Bf4 Rc2+
30.Ke1 Rxa2 31.g3 Ra1+ 32.Ke2 Rd1 33.f3 e3 34.Bxe3 dxe3 35.a7 Rd2+ 36.Ke1 Nd4  0-1

[Event "Open"]
[Site "Ubeda ESP"]
[Date "2001.01.29"]
[Round "9"]
[White "Dominguez,L"]
[Black "Nakamura,H"]
[Result "1/2-1/2"]
[WhiteElo "2565"]
[BlackElo "2364"]

1.e4 c5 2.Nf3 d6 3.d4 cxd4 4.Nxd4 Nf6 5.Nc3 a6 6.Be2 e5 7.Nb3 Be7 8.Be3 Be6
9.Qd2 Nbd7 10.f4 Qc7 11.O-O-O b5 12.g4 Rc8 13.f5  1/2-1/2

[Event "Open"]
[Site "Ubeda ESP"]
[Date "2001.01.30"]
[Round "10"]
[White "Nakamura,H"]
[Black "Comas Fabrego,L"]
[Result "1/2-1/2"]
[WhiteElo "2364"]
[BlackElo "2508"]

1.e4 c5 2.Nf3 e6 3.d4 cxd4 4.Nxd4 Nc6 5.Nc3 Qc7 6.Ndb5 Qb8 7.Be3 a6 8.Bb6 axb5
9.Nxb5 Bb4+ 10.c3 Ba5 11.Nc7+ Qxc7 12.Bxc7 Bxc7 13.Qg4 g6 14.Bc4 Nge7 15.Qe2 b6
16.O-O O-O 17.a4 Bb7 18.b4 d5 19.exd5 Nxd5 20.Bxd5 exd5 21.Rfd1 Ne5 22.f4 Nc4
23.Qe7 Rac8 24.Re1  1/2-1/2